Central Library OPAC University of Rajshahi

Molecular biophysics / (Record no. 11741)

MARC details
000 -LEADER
fixed length control field 00914nam a22002771 4500
001 - CONTROL NUMBER
control field 11741
003 - CONTROL NUMBER IDENTIFIER
rucl marc code BD-RjUL
005 - DATE AND TIME OF LATEST TRANSACTION
control field 20211208235156.0
008 - FIXED-LENGTH DATA ELEMENTS--GENERAL INFORMATION
fixed length control field 140127s1962 maua b 001 0 eng
035 ## - SYSTEM CONTROL NUMBER
System control number (BD-RjUL)11790
040 ## - CATALOGING SOURCE
Original cataloging agency DLC/ICU
Transcribing agency ICU
Modifying agency DLC
-- BD-RjUL
Language of cataloging eng
041 ## - LANGUAGE CODE
Language code of text/sound track or separate title eng
082 00 - DEWEY DECIMAL CLASSIFICATION NUMBER
Classification number 574.191
Author mark and year SEM
100 1# - MAIN ENTRY--PERSONAL NAME
Personal name Setlow, Richard B.
Fuller form of name (Richard Burton)
9 (RLIN) 36343
245 00 - TITLE STATEMENT
Title Molecular biophysics /
Statement of responsibility, etc. by Richard B. Setlow and Ernest C. Pollard.
260 ## - PUBLICATION, DISTRIBUTION, ETC. (IMPRINT)
Place of publication, distribution, etc. Reading, Mass. :
Name of publisher, distributor, etc. Addison-Wesley Pub. Co. ,
Date of publication, distribution, etc. 1962.
300 ## - PHYSICAL DESCRIPTION
Pagination 545 p. :
Illustrations illus. ;
Size 24 cm.
504 ## - BIBLIOGRAPHY, ETC. NOTE
Bibliography, etc Includes bibliography and index.
650 #0 - SUBJECT ADDED ENTRY--TOPICAL TERM
Topical term or geographic name as entry element Molecular biology.
9 (RLIN) 36345
Topical term or geographic name as entry element Molecules.
9 (RLIN) 36346
700 1# - ADDED ENTRY--PERSONAL NAME
Personal name Pollard, Ernest C.
Fuller form of name (Ernest Charles),
Dates associated with a name 1906-
Relator term joint author.
942 ## - ADDED ENTRY ELEMENTS (KOHA)
Source of classification or shelving scheme Dewey Decimal Classification
Koha item type Books
Holdings
Lost status Source of classification or shelving scheme Damaged status Not for loan Collection code Permanent Location Current Location Shelving location Date acquired Source of acquisition Cost, normal purchase price Total Checkouts Full call number Date last seen Copy number Koha item type
  Dewey Decimal Classification   Not For Loan Non-fiction Central Library, University of Rajshahi Central Library, University of Rajshahi Reading Room 07/05/1964 Zeitlinger 89.00   574.191 SEM 1962 27/01/2014 C-1 Books